| 000 | 00838nac a22002291i 4500 | ||
|---|---|---|---|
| 003 | EG-ScBUE | ||
| 005 | 20231031120330.0 | ||
| 008 | 121108s1965 ua o f 000 0aara d | ||
| 040 |
_aEG-ScBUE _bara _erda _cEG-ScBUE _dEG-ScBUE |
||
| 082 | 0 | 4 |
_a610.92 _bد ي و _222 |
| 100 | 1 |
_aالديواني، مصطفى، _eمؤلف. |
|
| 245 | 1 | 0 |
_aقصة حياتي / _cالدكتور مصطفى الديواني، طبيب الأطفال. |
| 264 | 1 |
_aالقاهرة : _bمكتبة النهضة المصرية، _c1965. |
|
| 300 |
_a378 صفحة : _bصور ؛ _c24 سم |
||
| 336 |
_2rdacontent _aنص _btxt |
||
| 337 |
_2rdamedia _aبدون وسيط _bn |
||
| 338 |
_2rdacarrier _aمجلد _bnc |
||
| 600 | 1 | 7 |
_aالديواني، مصطفى، _2BUEsh |
| 650 | 7 |
_aالأطباء _vتراجم. _2BUEsh |
|
| 655 | _vReading book | ||
| 942 |
_cBB _2ddc |
||
| 999 |
_c7908 _d7908 |
||